[Event "16th 4NCL Congress"]
[Site "Coventry"]
[Date "2017.11.05"]
[Round "5"]
[Board "9"]
[White "Ireland, David J"]
[Black "Reid, Patrick D"]
[Result "1-0"]
[WhiteElo "1972"]
[BlackElo "1770"]
[PlyCount "83"]
[EventDate "2017.11.03"]
[EventRounds "5"]
[EventCountry "ENG"]

1. d4 Nf6 2. Nf3 e6 3. Bg5 d5 4. c4 c6 5. Nc3 h6 6. Bxf6 Qxf6 7. e3 Nd7 8. Bd3
dxc4 9. Bxc4 b5 10. Bd3 Bb7 11. O-O a6 12. Rc1 Qd8 13. e4 c5 14. Nxb5 axb5 15.
Bxb5 Ba6 16. Bc6 Bd6 17. dxc5 Bf4 18. Qd4 O-O 19. Bxa8 Qxa8 20. Qxd7 Bxf1 21.
Rxf1 Qxa2 22. g3 Bb8 23. Qd4 Qb3 24. Kg2 Ba7 25. Nd2 Qb5 26. b4 e5 27. Qc4 Qc6
28. Ra1 Bb8 29. b5 Qg6 30. Ra6 Qg5 31. Nf3 Qd8 32. Nh4 Kh7 33. Nf5 g6 34. Ne3
Qd4 35. Ra4 Qd2 36. Ra2 Qd4 37. Qxd4 exd4 38. Nc4 Rd8 39. c6 d3 40. Ne3 f6 41.
f4 Kg7 42. Rd2 1-0

[Event "16th 4NCL Congress"]
[Site "Coventry"]
[Date "2017.11.05"]
[Round "5"]
[Board "10"]
[White "Fryer, David W"]
[Black "Di-Vetta, Andrew"]
[Result "1/2-1/2"]
[WhiteElo "1937"]
[BlackElo "1611"]
[PlyCount "53"]
[EventDate "2017.11.03"]
[EventRounds "5"]
[EventCountry "ENG"]

1. e4 c5 2. Nc3 Nc6 3. g3 g6 4. Bg2 Bg7 5. d3 d6 6. Be3 e6 7. Qd2 Qa5 8. f4
Nge7 9. Nf3 Nd4 10. O-O Nec6 11. e5 d5 12. Nh4 Rb8 13. a3 b5 14. Qf2 Bf8 15.
Kh1 Qd8 16. Nd1 a5 17. c3 Nb3 18. Rb1 a4 19. Qc2 Nca5 20. Bg1 Be7 21. Nf3 Ba6
22. Nf2 c4 23. d4 Kd7 24. Rfe1 h5 25. h4 Nc6 26. Nh3 Qf8 27. Nhg5 1/2-1/2

[Event "16th 4NCL Congress"]
[Site "Coventry"]
[Date "2017.11.05"]
[Round "5"]
[Board "11"]
[White "Royal, Shreyas"]
[Black "Quraishi, Shahab Ua"]
[Result "1-0"]
[WhiteElo "1724"]
[BlackElo "1892"]
[PlyCount "109"]
[EventDate "2017.11.03"]
[EventRounds "5"]
[EventCountry "ENG"]

1. d4 d6 2. c4 g6 3. Nc3 Bg7 4. e4 e6 5. Nge2 Ne7 6. Ng3 a6 7. Be2 Nd7 8. Bg5
f6 9. Be3 O-O 10. Qd2 f5 11. exf5 Nxf5 12. Bg5 Bf6 13. Bxf6 Qxf6 14. Nxf5 Qxf5
15. O-O Nf6 16. Bd3 Qh5 17. h3 Kg7 18. Rfe1 Bd7 19. Be2 Qh4 20. Bf3 Rab8 21.
Ne4 Nxe4 22. Rxe4 Qf6 23. Rae1 Rbe8 24. R4e3 b6 25. c5 bxc5 26. dxc5 d5 27. Re5
Rf7 28. Bxd5 Rd8 29. Bf3 Bc6 30. Qe3 Bxf3 31. Qxf3 Qxf3 32. gxf3 Rd5 33. Rxd5
exd5 34. Re5 c6 35. Re6 Rf6 36. Re7+ Rf7 37. Rxf7+ Kxf7 38. Kf1 Ke6 39. Ke2 g5
40. Ke3 Ke5 41. b4 d4+ 42. Kd3 Kd5 43. a3 h6 44. f4 gxf4 45. f3 Ke5 46. Kc4 d3
47. Kxd3 Kf5 48. a4 Ke5 49. Kc4 Ke6 50. b5 axb5+ 51. axb5 cxb5+ 52. Kxb5 Kd7
53. Kb6 Kc8 54. Kc6 h5 55. h4 1-0

[Event "16th 4NCL Congress"]
[Site "Coventry"]
[Date "2017.11.05"]
[Round "5"]
[Board "12"]
[White "Jacob, Sydney J"]
[Black "Tandon, Rohan"]
[Result "1-0"]
[WhiteElo "1845"]
[BlackElo "1472"]
[PlyCount "95"]
[EventDate "2017.11.03"]
[EventRounds "5"]
[EventCountry "ENG"]

1. d4 Nf6 2. c4 e6 3. Nc3 Bb4 4. Qc2 c5 5. dxc5 Bxc5 6. Bf4 Nc6 7. Nf3 O-O 8.
h3 d5 9. e3 Qa5 10. Be2 Bb4 11. O-O Bxc3 12. Qxc3 Qxc3 13. bxc3 b6 14. Ne5 Nxe5
15. Bxe5 Ba6 16. Bxf6 gxf6 17. f4 Rac8 18. Rfd1 Bxc4 19. Bf3 Rc5 20. g4 Ba6 21.
Rd4 Rxc3 22. Ra4 Bc4 23. Rxa7 Rxe3 24. Kf2 Rd3 25. a4 b5 26. axb5 Bxb5 27. Rb1
Bc4 28. Rc7 Ra8 29. Rb2 Ra2 30. Rxa2 Bxa2 31. Rd7 e5 32. g5 e4 33. Bh5 d4 34.
gxf6 h6 35. Bg4 Be6 36. Rd8+ Kh7 37. Bxe6 Kg6 38. Bg4 Kxf6 39. Rd6+ Kg7 40. Rd5
Rd2+ 41. Ke1 e3 42. Be2 Kg6 43. Bg4 Kf6 44. Rd6+ Ke7 45. Rd5 Kf6 46. Rd8 d3 47.
Re8 e2 48. Kxd2 1-0

[Event "16th 4NCL Congress"]
[Site "Coventry"]
[Date "2017.11.05"]
[Round "5"]
[Board "13"]
[White "Gogia, Armaan"]
[Black "Potter, Steven"]
[Result "1/2-1/2"]
[WhiteElo "1545"]
[BlackElo "1842"]
[PlyCount "138"]
[EventDate "2017.11.03"]
[EventRounds "5"]
[EventCountry "ENG"]

1. e4 b6 2. d4 Bb7 3. Bd3 e6 4. Nf3 c5 5. c3 Nf6 6. Qe2 Be7 7. Nbd2 cxd4 8.
cxd4 Nc6 9. O-O Nb4 10. Bb1 Ba6 11. Nc4 Rc8 12. b3 d5 13. a3 Bxc4 14. bxc4 dxe4
15. axb4 exf3 16. Qxf3 Qxd4 17. Rxa7 Bxb4 18. Qb7 O-O 19. Be3 Qxc4 20. Qxb6 Nd5
21. Qd4 Qxd4 22. Bxd4 Rc4 23. Be5 Bc5 24. Ra5 Bb6 25. Rb5 Rc5 26. Rb3 Bc7 27.
Rh3 g6 28. Bd4 Rc4 29. Be3 Nf4 30. Bxf4 Bxf4 31. Rd3 Rfc8 32. g3 Bg5 33. Ba2
Rc1 34. Rxc1 Bxc1 35. Kg2 Rc7 36. Bb3 Kg7 37. Rf3 Bb2 38. Ba2 h5 39. h4 e5 40.
Bb1 Bd4 41. Rd3 Rb7 42. Bc2 Rb2 43. Rd2 Bc3 44. Re2 f5 45. Bd3 Kf6 46. Rxb2
Bxb2 47. Bb5 Bc1 48. Bc6 f4 49. Kf3 fxg3 50. fxg3 Bd2 51. Bb7 Be1 52. Bc6 Kf5
53. Bd7+ Kf6 54. Bc6 g5 55. hxg5+ Kxg5 56. Ba8 Kf5 57. Bc6 Bd2 58. Ba8 Kg5 59.
Bc6 Bc1 60. Ba8 Bf4 61. gxf4+ exf4 62. Kg2 Kg4 63. Bf3+ Kh4 64. Kh2 Kg5 65. Kh3
h4 66. Bg4 Kf6 67. Kxh4 Ke5 68. Kh3 Ke4 69. Kg2 Ke3 1/2-1/2

[Event "16th 4NCL Congress"]
[Site "Coventry"]
[Date "2017.11.05"]
[Round "5"]
[Board "14"]
[White "Dunkley, Michael"]
[Black "Goodfellow, Russell R"]
[Result "1/2-1/2"]
[WhiteElo "1713"]
[BlackElo "1804"]
[PlyCount "99"]
[EventDate "2017.11.03"]
[EventRounds "5"]
[EventCountry "ENG"]

1. d4 f5 2. Bf4 Nf6 3. e3 e6 4. Nf3 Be7 5. h3 d6 6. c4 O-O 7. Nc3 Qe8 8. Qc2
Nc6 9. a3 Bd8 10. Be2 e5 11. Bh2 h6 12. c5 a6 13. cxd6 cxd6 14. dxe5 dxe5 15.
O-O Bd7 16. Bc4+ Kh8 17. Rfd1 Rc8 18. Qe2 b5 19. Ba2 e4 20. Ne1 Ne5 21. Rac1
Ba5 22. b4 Bb6 23. Nd5 Nxd5 24. Bxd5 Qe7 25. Qb2 Rce8 26. Bxe5 Qxe5 27. Qxe5
Rxe5 28. Bxe4 Rxe4 29. Rxd7 f4 30. exf4 Rexf4 31. Nf3 R8f6 32. Rc8+ Kh7 33. Re8
Rg6 34. Kf1 Rc4 35. Re1 Rc3 36. Ra1 Rgc6 37. Rd2 Bc7 38. Nd4 Rd6 39. Nf3 Rxd2
40. Nxd2 Rc2 41. Ne4 Be5 42. Re1 Bb2 43. Re3 Rc1+ 44. Ke2 Ra1 45. Nc5 Bxa3 46.
Nxa6 Bc1 47. Rc3 Bb2 48. Rc2 Be5 49. Rc6 Ra4 50. Kd3 1/2-1/2

[Event "16th 4NCL Congress"]
[Site "Coventry"]
[Date "2017.11.05"]
[Round "5"]
[Board "15"]
[White "Guha, Chirag"]
[Black "Robinson, Brian"]
[Result "1-0"]
[WhiteElo "1768"]
[BlackElo "1593"]
[PlyCount "65"]
[EventDate "2017.11.03"]
[EventRounds "5"]
[EventCountry "ENG"]

1. d4 d5 2. c4 e6 3. Nf3 Nf6 4. g3 Bb4+ 5. Bd2 Be7 6. Bg2 O-O 7. O-O b6 8. Nc3
Bb7 9. Bf4 Bd6 10. Bxd6 Qxd6 11. Qc2 Nbd7 12. cxd5 Nxd5 13. e4 Nxc3 14. bxc3 h6
15. e5 Qe7 16. Ng5 Qxg5 17. Bxb7 Rab8 18. Bc6 Rbd8 19. a4 a5 20. f4 Qe7 21. f5
f6 22. Qb3 Nc5 23. Qa3 fxe5 24. dxc5 exf5 25. cxb6 Qxa3 26. Rxa3 cxb6 27. c4
Rf6 28. Bd5+ Kf8 29. Rb3 g6 30. Rfb1 Rdd6 31. Re3 e4 32. Rf1 Ke7 33. Kf2 1-0

[Event "16th 4NCL Congress"]
[Site "Coventry"]
[Date "2017.11.05"]
[Round "5"]
[Board "16"]
[White "Somton, Anita"]
[Black "Makkar, Rajat"]
[Result "1/2-1/2"]
[WhiteElo "1796"]
[BlackElo "1677"]
[PlyCount "56"]
[EventDate "2017.11.03"]
[EventRounds "5"]
[EventCountry "ENG"]

1. d4 Nf6 2. c4 c5 3. d5 e6 4. Nc3 exd5 5. cxd5 d6 6. g3 g6 7. Bg2 Bg7 8. Nf3
O-O 9. O-O a6 10. a4 Re8 11. Nd2 Nbd7 12. Nde4 Nxe4 13. Nxe4 Nf6 14. Bg5 Bf5
15. Nxf6+ Bxf6 16. Bxf6 Qxf6 17. Qd2 b5 18. axb5 axb5 19. e3 b4 20. Rfc1 Qe7
21. Qd1 Qb7 22. Rxa8 Rxa8 23. Ra1 Ra7 24. e4 Bd7 25. Bf1 Qa8 26. Rxa7 Qxa7 27.
Bc4 Kg7 28. Kg2 Qa8 1/2-1/2

[Event "16th 4NCL Congress"]
[Site "Coventry"]
[Date "2017.11.05"]
[Round "5"]
[Board "17"]
[White "Mycock, Ken"]
[Black "Camp, Syringa Lyn"]
[Result "0-1"]
[WhiteElo "1780"]
[BlackElo "1670"]
[PlyCount "40"]
[EventDate "2017.11.03"]
[EventRounds "5"]
[EventCountry "ENG"]

1. e4 c5 2. Nf3 d6 3. c3 Nf6 4. Bd3 g6 5. O-O Bg7 6. Bc2 Nc6 7. Re1 O-O 8. d4
cxd4 9. cxd4 Bg4 10. Be3 Nb4 11. h3 Bxf3 12. gxf3 Nxc2 13. Qxc2 Rc8 14. Qd2 Qd7
15. Kh2 Nh5 16. Nc3 f5 17. d5 fxe4 18. fxe4 Rf3 19. Ne2 Qxh3+ 20. Kg1 Be5 0-1

[Event "16th 4NCL Congress"]
[Site "Coventry"]
[Date "2017.11.05"]
[Round "5"]
[Board "18"]
[White "Davies, Sam"]
[Black "Lovell, William Pm"]
[Result "1/2-1/2"]
[WhiteElo "1731"]
[BlackElo "1635"]
[PlyCount "46"]
[EventDate "2017.11.03"]
[EventRounds "5"]
[EventCountry "ENG"]

1. d4 d5 2. c4 dxc4 3. e3 e6 4. Bxc4 a6 5. Nf3 Nf6 6. O-O b5 7. Bd3 Bb7 8. Nbd2
c5 9. Be2 Nbd7 10. dxc5 Bxc5 11. Nb3 Be7 12. Bd2 Nc5 13. Nxc5 Bxc5 14. Bc3 Qe7
15. a3 O-O 16. Bxf6 Qxf6 17. b4 Rfd8 18. Qc2 Bb6 19. Rfd1 h6 20. Rxd8+ Rxd8 21.
Rd1 Rxd1+ 22. Qxd1 Bd5 23. Qc1 Bb7 1/2-1/2

[Event "16th 4NCL Congress"]
[Site "Coventry"]
[Date "2017.11.05"]
[Round "5"]
[Board "19"]
[White "See, Tristian"]
[Black "Lawrence, Roy A"]
[Result "1-0"]
[WhiteElo "1683"]
[BlackElo "1720"]
[PlyCount "77"]
[EventDate "2017.11.03"]
[EventRounds "5"]
[EventCountry "ENG"]

1. e4 g6 2. d4 Bg7 3. Nf3 d6 4. h3 Nf6 5. Bd3 O-O 6. O-O Nbd7 7. Bf4 c6 8. c3
Qb6 9. Qc2 Re8 10. Nbd2 e5 11. Be3 Qc7 12. Rac1 Nf8 13. Rfe1 Be6 14. Ng5 Rac8
15. Nxe6 Nxe6 16. dxe5 dxe5 17. Nc4 c5 18. a4 b6 19. Rcd1 Rcd8 20. Be2 Rxd1 21.
Rxd1 Rd8 22. f3 Nh5 23. Kf2 Nhf4 24. Bf1 Qe7 25. g3 Nh5 26. Rd2 Nhf4 27. Rxd8+
Qxd8 28. gxf4 Qh4+ 29. Ke2 exf4 30. Bf2 Qe7 31. Qd3 Nc7 32. Qd6 Qxd6 33. Nxd6
Bf8 34. Nc8 b5 35. axb5 Nxb5 36. c4 Nd4+ 37. Bxd4 cxd4 38. Nxa7 Bc5 39. Nc6 1-0

[Event "16th 4NCL Congress"]
[Site "Coventry"]
[Date "2017.11.05"]
[Round "5"]
[Board "20"]
[White "Frith, Shane S"]
[Black "Rowan, Daniel"]
[Result "1-0"]
[WhiteElo "1603"]
[BlackElo "1813"]
[PlyCount "65"]
[EventDate "2017.11.03"]
[EventRounds "5"]
[EventCountry "ENG"]

1. e4 c5 2. Nf3 e6 3. d4 cxd4 4. Nxd4 Nc6 5. Nc3 Qc7 6. Be3 a6 7. f4 b5 8. a3
Bb7 9. Nb3 Na5 10. Nxa5 Qxa5 11. Bd3 Nf6 12. O-O h5 13. Qe2 Ng4 14. Bd4 Qc7 15.
h3 Bc5 16. Bxc5 Qxc5+ 17. Kh1 Rc8 18. Nd1 Ke7 19. Nf2 Ne3 20. Rfe1 Ng4 21. Nxg4
hxg4 22. Qxg4 Qh5 23. Qxh5 Rxh5 24. Re3 g5 25. fxg5 Rxg5 26. Rf1 f5 27. Rf2
Rcg8 28. Ree2 Rg3 29. Kh2 fxe4 30. Bxe4 Bxe4 31. Rxe4 R3g5 32. Ref4 d5 33. Rf7+
 1-0

[Event "16th 4NCL Congress"]
[Site "Coventry"]
[Date "2017.11.05"]
[Round "5"]
[Board "21"]
[White "Horrell, Stephen A"]
[Black "Ross, Stuart"]
[Result "0-1"]
[WhiteElo "1568"]
[BlackElo "1641"]
[PlyCount "62"]
[EventDate "2017.11.03"]
[EventRounds "5"]
[EventCountry "ENG"]

1. e4 e5 2. Nf3 Nc6 3. Bc4 Bc5 4. c3 d6 5. h3 Nf6 6. d4 exd4 7. cxd4 Bb4+ 8.
Nc3 O-O 9. O-O Bxc3 10. bxc3 Nxe4 11. Qd3 d5 12. Bb3 Bf5 13. Bb2 Ng3 14. Qb5
Nxf1 15. Rxf1 Be6 16. Bc2 Ne7 17. Bc1 Bf5 18. Bb3 b6 19. Nh4 c6 20. Qe2 Re8 21.
Qf3 Be4 22. Qg3 Nf5 23. Nxf5 Bxf5 24. Bg5 Qd7 25. Bf6 Bg6 26. Be5 f6 27. Bf4
Qf5 28. Rd1 Bh5 29. Rd2 Qg6 30. Qh4 Bf3 31. g4 Qb1+ 0-1

[Event "16th 4NCL Congress"]
[Site "Coventry"]
[Date "2017.11.05"]
[Round "5"]
[Board "22"]
[White "Hall, David G"]
[Black "Shenbagakumar, Gautham"]
[Result "0-1"]
[WhiteElo "1756"]
[BlackElo "1569"]
[PlyCount "54"]
[EventDate "2017.11.03"]
[EventRounds "5"]
[EventCountry "ENG"]

1. d4 d5 2. c4 dxc4 3. e3 e5 4. Bxc4 Nc6 5. Nc3 exd4 6. exd4 Qxd4 7. Qe2+ Qe5
8. Be3 Bb4 9. Rc1 Nf6 10. Nf3 Qe7 11. O-O O-O 12. a3 Ba5 13. Rfe1 Bf5 14. b4
Bb6 15. Qb2 Bxe3 16. Rxe3 Qd6 17. g3 Ng4 18. Ree1 Qh6 19. Nd5 Rae8 20. Rcd1 Be4
21. Qc3 Bxf3 22. Qxf3 Qxh2+ 23. Kf1 Nce5 24. Rxe5 Nxe5 25. Nf6+ gxf6 26. Qxf6
Qh1+ 27. Ke2 Ng4+ 0-1